Verbal Ability And Reading Comprehension For CAT (Record no. 227900)

MARC details
000 -LEADER
fixed length control field 00546nam a2200181Ia 4500
008 - FIXED-LENGTH DATA ELEMENTS--GENERAL INFORMATION
fixed length control field 230714s9999 xx 000 0 und d
020 ## - INTERNATIONAL STANDARD BOOK NUMBER
International Standard Book Number 9790000000000
041 ## - LANGUAGE CODE
Language code of text/sound track or separate title eng
082 ## - DEWEY DECIMAL CLASSIFICATION NUMBER
Classification number 371.713
Item number SIN
100 ## - MAIN ENTRY--PERSONAL NAME
Personal name Sinha N.K.
245 ## - TITLE STATEMENT
Title Verbal Ability And Reading Comprehension For CAT
Remainder of title Also Useful For Other MBA Entrance Examinations Like SNAP,XAT And IIFT
250 ## - EDITION STATEMENT
Edition statement 4th ed.
260 ## - PUBLICATION, DISTRIBUTION, ETC. (IMPRINT)
Date of publication, distribution, etc. 2022
Name of publisher, distributor, etc. Pearson
300 ## - PHYSICAL DESCRIPTION
Extent 397
365 ## - TRADE PRICE
Currency code Rs.
Price amount 650.00
700 ## - ADDED ENTRY--PERSONAL NAME
Personal name Sinha N.K.
906 ## - LOCAL DATA ELEMENT F, LDF (RLIN)
d O:0739923-Feb-2022B:03617-Feb-2022
c GENRL
b 975

No items available.